000 00385nam a22001457a 4500
020 _a9780393934472
082 _a576
_bJOA/MI
100 _aSloanczewski,Joan L,
_9608
100 _aFoster,John W.
_9609
245 _aMicrobiology:An Evolving Science
250 _a2
260 _aNew York
_bW.W.Norton
300 _a1097,
_bAppendix -1, Biological Molecules- A1 to I 50
942 _cBK
999 _c14379
_d14379